Green house environment: The effect of environmental factos on the growth and development of flower crops (Record no. 28714)

MARC details
000 -LEADER
fixed length control field 00377nam a2200121Ia 4500
082 ## - DEWEY DECIMAL CLASSIFICATION NUMBER
Classification number 635.9
Item number MAS;1
100 ## - MAIN ENTRY--AUTHOR NAME
Personal name MASTALERZ, John W
245 #0 - TITLE STATEMENT
Title Green house environment: The effect of environmental factos on the growth and development of flower crops
260 ## - PUBLICATION, DISTRIBUTION, ETC. (IMPRINT)
Place of publication New York
Name of publisher Wiley
Year of publication 1977
650 ## - SUBJECT ADDED ENTRY--TOPICAL TERM
Topical Term Greenhouse
942 ## - ADDED ENTRY ELEMENTS (KOHA)
Koha item type Books
Holdings
Withdrawn status Lost status Damaged status Not for loan Home library Current library Date acquired Full call number Accession Number Koha item type
        RRII Library RRII Library 16/12/2021 635.9 MAS;1 09309 Books